00778 a2200205 4500010001400000020002300014035001300037037001600050082001000066090001500076245007700091260005300168270008200221300002600303500005000329700002200379942002400401999001500425952013200440 aENG-88976 c580.00a8182201357 aEN-72509 bDBAD / PUB14a305.5 c9796d979610aIndian caste system :cedited by Bhupen Chaudharybessence and reality / aNew DelhibGlobal Vision Publishing Housec2006 aF-4, 1st Floor, `Hari Sadan' 20, Ansari Road, Daryaganj,bNew Delhie110 002 av, 246p.c22 cm ( Hb) aIncludes bibliographical references and index aChaudhary, Bhupen adplcENk305.5/ IND c9617d9617 00102ddc40718NFICaDBADbDBADeDBAD/PUBg580.00l0o305.5 pEN-72509r2008-09-15 00:00:00t1u10606v580.00w2008-09-15yEN